[Event "CZE-chT2A 1314"]
[Site "Czech Republic"]
[Date "2013.11.17"]
[Round "2.5"]
[White "Bartos, Jan"]
[Black "Vaindl, Jaroslav"]
[Result "0-1"]
[WhiteElo "2259"]
[BlackElo "2092"]
[PlyCount "66"]
[EventDate "2013.11.03"]
[EventType "team-tourn"]
[EventRounds "11"]
[EventCountry "CZE"]
[SourceTitle "EXT 2015"]
[Source "ChessBase"]
[SourceDate "2014.11.20"]
[SourceVersion "1"]
[SourceVersionDate "2014.11.20"]
[SourceQuality "1"]
[WhiteTeam "Postovni sporitelna II"]
[BlackTeam "Domazlice"]
[WhiteTeamCountry "CZE"]
[BlackTeamCountry "CZE"]

1. d4 Nf6 2. c4 c5 3. d5 b5 4. cxb5 e6 5. Nc3 exd5 6. Nxd5 Bb7 7. Nxf6+ Qxf6 8. e3 d5 9. Nf3 Bd6 10. Be2 0-0 11. 0-0 Nd7 12. Rb1 Rfe8 13. b3 Rad8 14. Bb2 Qh6 15. g3 Nf6 16. Nh4 Re4 17. Nf5 Qh3 18. Bxf6 gxf6 19. Nxd6 Rxd6 20. Bf3 d4 21. Bg2 Qe6 22. exd4 Rexd4 23. Qe1 Bxg2 24. Qxe6 Rxe6 25. Kxg2 Re2 26. a4 Rd3 27. Rfd1 Rc3 28. Rd7 Rcc2 29. Rf1 Re3 30. Rb1 Ree2 31. Rxa7 Rxf2+ 32. Kh3 Rxh2+ 33. Kg4 Rcf2 0-1

[Event "CZE-chT2A 1011"]
[Site "Czech Republic"]
[Date "2011.01.09"]
[Round "5"]
[White "Sturz, Ota"]
[Black "Vaindl, Jaroslav"]
[Result "1/2-1/2"]
[WhiteElo "2127"]
[BlackElo "2126"]
[PlyCount "59"]
[EventDate "2010.10.17"]
[EventType "team-tourn"]
[EventRounds "11"]
[EventCountry "CZE"]
[SourceTitle "EXT 2012"]
[Source "ChessBase"]
[SourceDate "2011.11.24"]
[SourceVersion "1"]
[SourceVersionDate "2011.11.24"]
[SourceQuality "1"]
[WhiteTeam "Vysehrad II"]
[BlackTeam "Line"]
[WhiteTeamCountry "CZE"]
[BlackTeamCountry "CZE"]

1. Nf3 d5 2. g3 c6 3. Bg2 Nf6 4. 0-0 Bf5 5. d3 Nbd7 6. Bf4 e6 7. Nbd2 Bc5 8. Ne5 Nxe5 9. Bxe5 0-0 10. e4 Bg6 11. Kh1 dxe4 12. Nxe4 Nxe4 13. dxe4 f6 14. Bc3 Qxd1 15. Raxd1 Rad8 16. f3 e5 17. Bh3 Kf7 18. Bf5 Bxf5 19. exf5 Rd5 20. Kg2 Rfd8 21. Rde1 Bd4 22. Bxd4 Rxd4 23. Re2 Rd1 24. Kf2 Rxf1+ 25. Kxf1 Rd1+ 26. Re1 Rd4 27. Ke2 Ke7 28. Rd1 Rd6 29. Rd3 a5 30. c3 1/2-1/2

[Event "CZE-chT2A 1011"]
[Site "Czech Republic"]
[Date "2010.11.07"]
[Round "2"]
[White "Beter, Arnost"]
[Black "Vaindl, Jaroslav"]
[Result "1/2-1/2"]
[WhiteElo "2050"]
[BlackElo "2126"]
[PlyCount "37"]
[EventDate "2010.10.17"]
[EventType "team-tourn"]
[EventRounds "11"]
[EventCountry "CZE"]
[SourceTitle "EXT 2012"]
[Source "ChessBase"]
[SourceDate "2011.11.24"]
[SourceVersion "1"]
[SourceVersionDate "2011.11.24"]
[SourceQuality "1"]
[WhiteTeam "Cesky Krumlov"]
[BlackTeam "Line"]
[WhiteTeamCountry "CZE"]
[BlackTeamCountry "CZE"]

1. e4 e6 2. d4 d5 3. Nd2 dxe4 4. Nxe4 Bd7 5. Nf3 Bc6 6. Bd3 Nd7 7. c3 Ngf6 8. Qe2 Be7 9. Bf4 a6 10. 0-0 0-0 11. Rfe1 b5 12. Nxf6+ Nxf6 13. Ne5 Bb7 14. a3 c5 15. dxc5 Bxc5 16. Rad1 Qc8 17. Be3 Qc7 18. Bxc5 Qxc5 19. Qe3 1/2-1/2

[Event "CZE-chT2A 0910"]
[Site "Czech Republic"]
[Date "2010.03.14"]
[Round "9.6"]
[White "Vaindl, Jaroslav"]
[Black "Korsa, Jindrich"]
[Result "1/2-1/2"]
[WhiteElo "2131"]
[BlackElo "2068"]
[PlyCount "94"]
[EventDate "2009.10.18"]
[EventType "team-tourn"]
[EventRounds "11"]
[EventCountry "CZE"]
[SourceTitle "EXT 2012"]
[Source "ChessBase"]
[SourceDate "2011.11.24"]
[SourceVersion "1"]
[SourceVersionDate "2011.11.24"]
[SourceQuality "1"]
[WhiteTeam "Line"]
[BlackTeam "Praha Bohemians II"]
[WhiteTeamCountry "CZE"]
[BlackTeamCountry "CSR"]

1. d4 Nf6 2. c4 g6 3. Nc3 Bg7 4. e4 d6 5. Nf3 0-0 6. Be2 e5 7. 0-0 Nc6 8. d5 Ne7 9. b4 Ne8 10. c5 f5 11. Ng5 Nf6 12. f3 h6 13. Ne6 Bxe6 14. dxe6 d5 15. exd5 Nfxd5 16. Nxd5 Qxd5 17. Qxd5 Nxd5 18. Bc4 Rfd8 19. Bb2 Kf8 20. Rfe1 Ke7 21. a3 Nf4 22. Bxe5 Bxe5 23. Rxe5 Rd2 24. g3 Nh3+ 25. Kf1 Rxh2 26. Ra2 Rxa2 27. Bxa2 Ng5 28. Ke2 Kf6 29. Re3 Re8 30. b5 Nxe6 31. Kf2 Re7 32. Rc3 Nd4 33. Bc4 Re5 34. Rd3 Ne6 35. b6 axb6 36. cxb6 cxb6 37. Rd6 b5 38. f4 bxc4 39. fxe5+ Kxe5 40. Rb6 Nc5 41. Ke3 g5 42. Rxh6 f4+ 43. gxf4+ gxf4+ 44. Kf3 c3 45. Ke2 Kd4 46. Rf6 Ke4 47. Rf7 Nb3 1/2-1/2

[Event "CZE-chT1W 0708"]
[Site "Czech Republic"]
[Date "2008.01.06"]
[Round "5.8"]
[White "Konrad, Frantisek"]
[Black "Vaindl, Jaroslav"]
[Result "0-1"]
[WhiteElo "1702"]
[BlackElo "2151"]
[PlyCount "60"]
[EventDate "2007.10.28"]
[EventType "team"]
[EventRounds "11"]
[EventCountry "CZE"]
[SourceTitle "EXT 2009"]
[Source "ChessBase"]
[SourceDate "2008.11.26"]
[SourceVersion "1"]
[SourceVersionDate "2008.11.26"]
[SourceQuality "1"]
[WhiteTeam "Zajecice"]
[BlackTeam "Plzen II"]
[WhiteTeamCountry "CZE"]
[BlackTeamCountry "CZE"]

1. d4 Nf6 2. Bf4 c5 3. e3 g6 4. c3 Bg7 5. dxc5 a5 6. Nd2 0-0 7. Ngf3 Nc6 8. Bd3 a4 9. Nc4 Nd5 10. 0-0 a3 11. Nxa3 Nxc3 12. Qc1 e5 13. bxc3 exf4 14. exf4 d6 15. Rd1 Qa5 16. Nc4 Qxc5 17. a4 Be6 18. Qa3 Bxc4 19. Qxc5 dxc5 20. Bxc4 Bxc3 21. Rab1 Rxa4 22. Bd5 Rb4 23. Ng5 Kg7 24. Bxc6 bxc6 25. Rxb4 cxb4 26. Rd7 Re8 27. Rxf7+ Kg8 28. f3 h6 29. Rc7 hxg5 30. fxg5 b3 0-1